Gaming Quiz

Random Gaming or Video Games Quiz

Circular Gaming Quiz Stats

 Plays Quiz Updated Feb 3, 2018

Score 0/20 Timer 05:00
1 Play Today
% Correct
Xbox
96.4%
Pac-Man
96.1%
Halo Ring
94.7%
Kirby
94.2%
GPS Map
94.2%
Character Stud
94.2%
Mortal Kombat
92.9%
Poké Ball
92.6%
Game Loading Icon
90.7%
Q*bert
89.4%
% Correct
Mega Man
89.4%
Colour Bomb
88.2%
Cut the Rope Candy
85.5%
Dr. Robotnik
82.1%
Apple of Eden
81.4%
Pooka
81%
Wheatley
80.4%
Gate of Time Symbol
71.3%
Undertow Infinite Vigor
65.6%
Spell Casting Circle
61.3%

You're not logged in!

Compare scores with friends on all Sporcle quizzes.
OR
Log In

You Might Also Like...

Show Comments

Extras

Top Quizzes Today


Score Distribution

Your Account Isn't Verified!

In order to create a playlist on Sporcle, you need to verify the email address you used during registration. Go to your Sporcle Settings to finish the process.

Report this User

Report this user for behavior that violates our Community Guidelines.

Details: